| 000 | 00715nam a22001817a 4500 | ||
|---|---|---|---|
| 999 |
_c12099 _d12099 |
||
| 003 | AR-CdUCM | ||
| 008 | 190405b ||||| |||| 00| 0 spa d | ||
| 040 |
_aMUNICIPALIDAD PROVINCIAL DEL CUSCO _cBIBLIOTECA MUNICIPAL DEL CUSCO |
||
| 082 |
_a335.409 / _bM26 / 1967 |
||
| 100 |
_aKossok, Manfred _929784 |
||
| 245 | _aJosé Carlos Mariátegui y el desarrollo del pensamiento marxista en el Perú / | ||
| 260 |
_aLima : _bEds. Ensayos, _c1967. |
||
| 300 |
_a30 páginas ; _c16 cm. |
||
| 505 | _aContenido: Voluntad afirmativa, talento constructor -- Marxista convicto y confeso -- De abogado de los trabajadores a líder proletario... | ||
| 650 |
_aMarxismo _924 |
||
| 942 |
_2ddc _cLIBROS |
||
| 945 |
_arjall _d05/04/2019 |
||